[Event "EU-chT 24th"]
[Site "Budva"]
[Date "2023.11.19"]
[Round "8.14"]
[White "Pancevski, Filip"]
[Black "Sanal, Vahap"]
[Result "0-1"]
[WhiteElo "2441"]
[BlackElo "2608"]
[PlyCount "126"]
[EventDate "2023.11.11"]
[EventType "team-swiss"]
[EventRounds "9"]
[EventCountry "MNE"]
[SourceTitle "CB47_2023"]
[SourceDate "2023.11.22"]
[SourceVersion "1"]
[SourceVersionDate "2023.11.22"]
[SourceQuality "1"]
[WhiteTeam "North Macedonia"]
[BlackTeam "Turkey"]
[WhiteTeamCountry "MKD"]
[BlackTeamCountry "TUR"]

1. e4 e5 2. Nf3 Nc6 3. Bc4 Bc5 4. c3 Nf6 5. d3 0-0 6. 0-0 d6 7. Re1 h6 8. h3 a5 9. Bb3 Re8 10. Nbd2 Be6 11. Ba4 Bd7 12. Nf1 Ba7 13. Ng3 Rb8 14. d4 b5 15. Bc2 a4 16. Be3 Bb6 17. Qd2 Qe7 18. b3 Na5 19. Qd1 axb3 20. axb3 Ra8 21. Nh4 Qf8 22. Qf3 Nh7 23. Nhf5 Nc6 24. d5 Bxe3 25. dxc6 Bxf5 26. Nxf5 Bb6 27. Bd3 Ng5 28. Qe2 Ne6 29. Bxb5 Nf4 30. Qf3 Re6 31. Kh2 Rf6 32. Rxa8 Qxa8 33. Qg3 Qf8 34. Bf1 d5 35. Ne3 dxe4 36. Rd1 Rxc6 37. Nf5 Rg6 38. Qh4 Rg5 39. g4 Kh7 40. Rd7 Ng6 41. Qg3 Qe8 42. Rd2 Nf4 43. b4 Nh5 44. Qh4 Nf6 45. Qg3 Qe6 46. c4 g6 47. Nxh6 Kxh6 48. Qh4+ Nh5 49. c5 Qf6 50. Re2 Ba7 51. Rxe4 c6 52. gxh5 gxh5 53. Rg4 Rf5 54. Qxf6+ Rxf6 55. Rg8 Rxf2+ 56. Bg2 e4 57. Kg1 e3 58. Bxc6 Rb2 59. Kf1 Rxb4 60. Bd5 Bxc5 61. Ke2 Rb2+ 62. Kd3 Rd2+ 63. Kc4 e2 0-1

[Event "EU-chT 24th"]
[Site "Budva"]
[Date "2023.11.14"]
[Round "4.3"]
[White "Petrov, Nikita"]
[Black "Pancevski, Filip"]
[Result "1-0"]
[WhiteElo "2567"]
[BlackElo "2441"]
[PlyCount "107"]
[EventDate "2023.11.11"]
[EventType "team-swiss"]
[EventRounds "9"]
[EventCountry "MNE"]
[SourceTitle "CB47_2023"]
[SourceDate "2023.11.22"]
[SourceVersion "1"]
[SourceVersionDate "2023.11.22"]
[SourceQuality "1"]
[WhiteTeam "Montenegro"]
[BlackTeam "North Macedonia"]
[WhiteTeamCountry "MNE"]
[BlackTeamCountry "MKD"]

1. d4 Nf6 2. c4 g6 3. Nc3 Bg7 4. e4 d6 5. Nf3 0-0 6. Be2 e5 7. 0-0 Nc6 8. d5 Ne7 9. b4 a5 10. bxa5 c5 11. a4 Rxa5 12. Bd2 Kh8 13. Ra3 Ra6 14. g3 Ne8 15. Qc1 Ng8 16. Nh4 Bh3 17. Re1 Nef6 18. Rb3 Bc8 19. Bg5 Qe8 20. Bd1 Qd7 21. Be2 Qe8 22. Qb2 Qd7 23. Rb6 Ra8 24. Bf1 Ne8 25. Nf3 Qc7 26. Bd2 Qd8 27. Ra1 Ngf6 28. a5 Nd7 29. Rb3 Nc7 30. Na4 Ra6 31. Qb1 f5 32. Ng5 f4 33. Ne6 Nxe6 34. dxe6 Nb8 35. Rxb7 Bxe6 36. Qb5 Bd7 37. Rxb8 Qxb8 38. Qxd7 Ra7 39. Qb5 Qa8 40. Bd3 Raf7 41. Be1 h5 42. Nb6 Qa7 43. Nd5 fxg3 44. hxg3 h4 45. Qb2 Qd7 46. a6 Kh7 47. Qe2 Qh3 48. Rb1 Rf3 49. Ne3 Bh6 50. Nf5 Rxd3 51. Rb7+ Kh8 52. Qxd3 gxf5 53. Qxd6 Bg7 54. Qg6 1-0

[Event "Noisiel op 8th"]
[Site "Noisiel"]
[Date "2023.02.23"]
[Round "9"]
[White "Pancevski, Filip"]
[Black "Shyam, Nikil P"]
[Result "1-0"]
[WhiteElo "2452"]
[BlackElo "2487"]
[PlyCount "179"]
[EventDate "2023.02.18"]
[EventType "swiss"]
[EventRounds "9"]
[EventCountry "FRA"]
[SourceTitle "CBM 212 Extra"]
[Source "ChessBase"]
[SourceDate "2023.03.31"]
[SourceVersion "1"]
[SourceVersionDate "2023.03.31"]
[SourceQuality "1"]

1. e4 e6 2. d3 d5 3. Nd2 Nc6 4. Ngf3 Nf6 5. g3 dxe4 6. dxe4 e5 7. Bg2 a5 8. 0-0 Bc5 9. c3 b6 10. Qa4 Bd7 11. Qc2 Be6 12. Ng5 Bd7 13. Nb3 Be7 14. a4 0-0 15. h3 Ne8 16. Nf3 Nd6 17. Re1 Be6 18. Be3 Nc4 19. Bf1 Qc8 20. Kh2 Rd8 21. Bg5 f6 22. Be3 Kh8 23. Nfd2 Nd6 24. Rad1 Rd7 25. f4 Qg8 26. f5 Bf7 27. Nc1 Rad8 28. Be2 Nb7 29. Bb5 Rd6 30. b3 Nb8 31. Bc4 R6d7 32. Nd3 Nd6 33. Bxf7 Qxf7 34. Nb2 Nb7 35. Ndc4 Bc5 36. Bc1 Kg8 37. Kg2 Bf8 38. Be3 Bc5 39. Bc1 Bf8 40. Rxd7 Rxd7 41. Be3 Bc5 42. Bc1 Bf8 43. Nd3 Rd8 44. Rd1 Nd7 45. Be3 Ra8 46. Bf2 Ndc5 47. Nxc5 Bxc5 48. Be1 Kf8 49. Rd5 c6 50. Rd1 b5 51. Nb2 Qe7 52. axb5 cxb5 53. Rd5 Rd8 54. Qd3 Ba3 55. Nd1 Rxd5 56. Qxd5 Bc5 57. b4 axb4 58. cxb4 Bd4 59. Qxb5 Nd6 60. Qc6 g6 61. b5 Nf7 62. fxg6 hxg6 63. b6 Nd8 64. Qc7 Ke8 65. Bf2 Qb4 66. Bxd4 exd4 67. Nf2 d3 68. e5 f5 69. e6 Qb5 70. e7 Qd5+ 71. Kh2 Nb7 72. Nxd3 Qxd3 73. Qxb7 Qe2+ 74. Qg2 Qb5 75. Qb7 Qb2+ 76. Kg1 Qc1+ 77. Kf2 Qd2+ 78. Kf3 Qd3+ 79. Kf4 Qd6+ 80. Kf3 Qd3+ 81. Kf4 Qd6+ 82. Kg5 Qxg3+ 83. Kf6 Qc3+ 84. Kxg6 Qg3+ 85. Kf6 Qc3+ 86. Ke6 Qe3+ 87. Kd6 Qa3+ 88. Kc7 Qxe7+ 89. Kb8 f4 90. Qc8+ 1-0

[Event "Noisiel op 8th"]
[Site "Noisiel"]
[Date "2023.02.20"]
[Round "4"]
[White "Mouhamad, Joachin"]
[Black "Pancevski, Filip"]
[Result "1-0"]
[WhiteElo "2244"]
[BlackElo "2452"]
[PlyCount "83"]
[EventDate "2023.02.18"]
[EventType "swiss"]
[EventRounds "9"]
[EventCountry "FRA"]
[SourceTitle "CBM 212 Extra"]
[Source "ChessBase"]
[SourceDate "2023.03.31"]
[SourceVersion "1"]
[SourceVersionDate "2023.03.31"]
[SourceQuality "1"]

1. e4 g6 2. d4 Bg7 3. Nc3 c6 4. Nf3 d6 5. a4 Nf6 6. Be2 Ng8 7. Bf1 Nf6 8. Be2 0-0 9. 0-0 Qc7 10. h3 Nbd7 11. Be3 Re8 12. a5 Rb8 13. Qd2 b5 14. axb6 axb6 15. d5 Bb7 16. Nd4 Ra8 17. dxc6 Bxc6 18. Nxc6 Qxc6 19. Bb5 Qb7 20. Bh6 Bxh6 21. Qxh6 Rxa1 22. Rxa1 Rd8 23. Qe3 Nc5 24. Re1 e6 25. Qd4 e5 26. Qc4 Rc8 27. Qe2 Kg7 28. b4 Ncxe4 29. Nxe4 Qxe4 30. Qxe4 Nxe4 31. Rxe4 Rxc2 32. Rc4 Rb2 33. Bc6 Rd2 34. Kf1 f5 35. Ke1 Rb2 36. b5 Kf6 37. Ra4 e4 38. Ra6 Ke5 39. Rxb6 d5 40. Rb8 d4 41. b6 Kd6 42. Ba8 1-0

[Event "Noisiel op 8th"]
[Site "Noisiel"]
[Date "2023.02.19"]
[Round "3"]
[White "Pancevski, Filip"]
[Black "Toure, Vasanth"]
[Result "1-0"]
[WhiteElo "2452"]
[BlackElo "2151"]
[PlyCount "101"]
[EventDate "2023.02.18"]
[EventType "swiss"]
[EventRounds "9"]
[EventCountry "FRA"]
[SourceTitle "CBM 212 Extra"]
[Source "ChessBase"]
[SourceDate "2023.03.31"]
[SourceVersion "1"]
[SourceVersionDate "2023.03.31"]
[SourceQuality "1"]

1. e4 e5 2. Nf3 Nc6 3. Bc4 Nf6 4. d3 h6 5. Bb3 d6 6. c3 g5 7. h3 Bg7 8. Nbd2 g4 9. hxg4 Bxg4 10. Nf1 Qd7 11. Ne3 h5 12. Nxg4 hxg4 13. Rxh8+ Bxh8 14. Ng5 d5 15. exd5 Na5 16. Ba4 b5 17. Bc2 Qxd5 18. Ne4 Qe6 19. Qe2 Nd5 20. Nc5 Qe7 21. Nb3 Nc6 22. Qxg4 Rd8 23. Bg5 Bf6 24. Bh6 a5 25. Nd2 a4 26. a3 Qd7 27. Qf3 Qe6 28. Ne4 Be7 29. Bd2 Kd7 30. Ng3 Bd6 31. Kf1 Nde7 32. d4 Rh8 33. Re1 f6 34. Kg1 Rg8 35. Be4 Qb3 36. d5 Nd8 37. Nh5 Rf8 38. Nxf6+ Rxf6 39. Qxf6 Qxb2 40. Bf5+ Nxf5 41. Qxf5+ Ke8 42. Qd3 Nf7 43. Rb1 Qxa3 44. Qxb5+ Kf8 45. Qc4 Ke7 46. Be3 Kf8 47. Rb8+ Kg7 48. Qg4+ Kf6 49. Rg8 Qa1+ 50. Kh2 e4+ 51. g3 1-0

[Event "FRM-ch op"]
[Site "Skopje"]
[Date "2022.05.05"]
[Round "9"]
[White "Zlatkov, Anton"]
[Black "Pancevski, Filip"]
[Result "0-1"]
[WhiteElo "2106"]
[BlackElo "2457"]
[PlyCount "102"]
[EventDate "2022.04.29"]
[EventType "swiss"]
[EventRounds "9"]
[EventCountry "MKD"]
[SourceTitle "CBM 208 Extra"]
[Source "ChessBase"]
[SourceDate "2022.07.31"]
[SourceVersion "1"]
[SourceVersionDate "2022.07.31"]
[SourceQuality "1"]

1. e4 d6 2. d4 Nf6 3. Nc3 g6 4. Nf3 Bg7 5. h3 0-0 6. Be3 a6 7. a4 b6 8. Bd3 Bb7 9. 0-0 Nbd7 10. Qe2 e5 11. dxe5 dxe5 12. Rad1 Qe7 13. Bc4 c6 14. Qd3 b5 15. Bb3 Nc5 16. Bxc5 Qxc5 17. Rfe1 Rae8 18. axb5 axb5 19. Qd6 Qxd6 20. Rxd6 Re7 21. g4 Ne8 22. Rd8 Nc7 23. Red1 Ne6 24. Bxe6 Rxe6 25. Ng5 Re7 26. R1d7 Rxd7 27. Rxd7 Bc8 28. Rc7 f6 29. Nf7 h5 30. Nd6 Be6 31. Rxc6 hxg4 32. hxg4 b4 33. Nd5 Bxg4 34. Nxb4 Rb8 35. Nd3 Bf8 36. Nc4 Kg7 37. Rc7+ Kh6 38. Kg2 Bd1 39. Ne3 Be2 40. Rf7 Bxd3 41. cxd3 Kg5 42. Kg3 Bc5 43. Nc4 Rb3 44. Rd7 Bd4 45. Nd6 Rxd3+ 46. f3 Rd2 47. Nf7+ Kh5 48. Rb7 Be3 49. f4 exf4+ 50. Kh3 Bg1 51. Rb5+ g5 0-1

[Event "EU-chT 23rd"]
[Site "Terme Catez"]
[Date "2021.11.20"]
[Round "8.1"]
[White "Pancevski, Filip"]
[Black "Dardha, Daniel"]
[Result "1/2-1/2"]
[WhiteElo "2490"]
[BlackElo "2525"]
[PlyCount "91"]
[EventDate "2021.11.12"]
[EventType "team-swiss"]
[EventRounds "9"]
[EventCountry "SLO"]
[SourceTitle "CBM 205"]
[Source "ChessBase"]
[SourceDate "2021.12.31"]
[SourceVersion "1"]
[SourceVersionDate "2021.12.31"]
[SourceQuality "1"]
[WhiteTeam "North Macedonia"]
[BlackTeam "Belgium"]
[WhiteTeamCountry "MKD"]
[BlackTeamCountry "BEL"]

1. e4 c5 2. Nf3 Nc6 3. Nc3 e5 4. Bc4 Be7 5. d3 d6 6. Nd2 Nf6 7. Nf1 Bg4 8. f3 Be6 9. Ne3 0-0 10. 0-0 a6 11. a4 Nb4 12. Kh1 d5 13. exd5 Nfxd5 14. Nexd5 Nxd5 15. Qe1 Qd6 16. Nxd5 Bxd5 17. Bxd5 Qxd5 18. Qe4 Rfd8 19. Be3 Rac8 20. b3 b6 21. Kg1 Rd7 22. Rfd1 Bf8 23. Kf1 Rcd8 24. Qxd5 Rxd5 25. Ke2 R5d7 26. Bd2 f6 27. Rab1 Rc8 28. f4 Re8 29. Kf3 b5 30. axb5 axb5 31. fxe5 Rxe5 32. Bf4 Rf5 33. g4 Rfd5 34. Re1 h5 35. h3 Bd6 36. Bxd6 R7xd6 37. Ra1 Rg5 38. Ra7 hxg4+ 39. hxg4 f5 40. Re8+ Kh7 41. gxf5 Rxf5+ 42. Ke3 Rg6 43. Ree7 Rg3+ 44. Ke4 Rf2 45. c4 bxc4 46. bxc4 1/2-1/2

[Event "EU-chT 23rd"]
[Site "Terme Catez"]
[Date "2021.11.14"]
[Round "3.18"]
[White "Pancevski, Filip"]
[Black "Subelj, Jan"]
[Result "0-1"]
[WhiteElo "2490"]
[BlackElo "2458"]
[PlyCount "106"]
[EventDate "2021.11.12"]
[EventType "team-swiss"]
[EventRounds "9"]
[EventCountry "SLO"]
[SourceTitle "CBM 205"]
[Source "ChessBase"]
[SourceDate "2021.12.31"]
[SourceVersion "1"]
[SourceVersionDate "2021.12.31"]
[SourceQuality "1"]
[WhiteTeam "North Macedonia"]
[BlackTeam "Slovenia II"]
[WhiteTeamCountry "MKD"]
[BlackTeamCountry "SLO"]

1. c4 c5 2. g3 Nc6 3. Bg2 g6 4. Nc3 Bg7 5. a3 e6 6. Rb1 Nge7 7. b4 cxb4 8. axb4 0-0 9. Ba3 a6 10. Qa4 Ra7 11. c5 b5 12. cxb6 Qxb6 13. Nf3 d5 14. 0-0 d4 15. Ne4 e5 16. Rfc1 Rd8 17. d3 Be6 18. Nfd2 Bd5 19. Nc4 Qb8 20. Bh3 f5 21. Nc5 Qb5 22. Qd1 Raa8 23. Na4 Bh6 24. f4 exf4 25. Ncb6 fxg3 26. Rc5 Be3+ 27. Kf1 gxh2 28. Bg2 h1Q+ 29. Bxh1 Bxh1 30. Rxb5 axb5 31. Nxa8 Rxa8 32. Bc1 Rxa4 33. Bxe3 dxe3 34. Qc1 Rxb4 35. Rxb4 Nxb4 36. Qxe3 Nbc6 37. Qe6+ Kg7 38. e4 b4 39. Kg1 Bf3 40. Kf2 fxe4 41. dxe4 b3 42. e5 b2 43. Qf6+ Kg8 44. e6 Ne5 45. Qxe7 b1Q 46. Qd8+ Kg7 47. Qe7+ Kh6 48. Qh4+ Bh5 49. Qf4+ g5 50. Qxe5 Qc2+ 51. Kg3 Qd3+ 52. Kf2 Qe2+ 53. Qxe2 Bxe2 0-1

[Event "FRM-chT 29th"]
[Site "Struga"]
[Date "2021.08.19"]
[Round "5"]
[White "Gotovusa, Goran"]
[Black "Pancevski, Filip"]
[Result "0-1"]
[WhiteElo "2169"]
[BlackElo "2512"]
[PlyCount "76"]
[EventDate "2021.08.15"]
[EventType "team-tourn"]
[EventRounds "7"]
[EventCountry "MKD"]
[SourceTitle "CBM 203 Extra"]
[Source "ChessBase"]
[SourceDate "2021.09.30"]
[SourceVersion "1"]
[SourceVersionDate "2021.09.30"]
[SourceQuality "1"]
[WhiteTeam "Prilep"]
[BlackTeam "Skopje Alkaloid"]
[WhiteTeamCountry "MKD"]
[BlackTeamCountry "MKD"]

1. d4 f5 2. Bg5 c6 3. c3 Qb6 4. Qc2 d5 5. Nd2 Nd7 6. Bf4 g6 7. g4 fxg4 8. e4 Bh6 9. Ne2 Ndf6 10. Bg2 Bxf4 11. Nxf4 Nxe4 12. Nxe4 dxe4 13. Bxe4 Nf6 14. 0-0-0 Qc7 15. Ng2 Qa5 16. a3 Qg5+ 17. Rd2 0-0 18. Bd3 Nd5 19. Kb1 b5 20. Re1 Bf5 21. Re5 Bxd3 22. Qxd3 Rf5 23. Rxf5 Qxf5 24. Qxf5 gxf5 25. Re2 Kf7 26. Kc2 a5 27. Re5 e6 28. Ne1 a4 29. Nd3 Rg8 30. Nc5 Rg6 31. b3 axb3+ 32. Kxb3 Rh6 33. a4 bxa4+ 34. Nxa4 Rxh2 35. c4 Nf4 36. d5 cxd5 37. c5 Ke7 38. Kb4 Nd3+ 0-1

[Event "FIDE World Cup Europe Hybrid Qual"]
[Site "Tornelo INT"]
[Date "2021.05.27"]
[Round "2.2"]
[White "Jobava, Baadur"]
[Black "Pancevski, Filip"]
[Result "0-1"]
[WhiteElo "2603"]
[BlackElo "2519"]
[PlyCount "80"]
[EventDate "2021.05.24"]
[EventType "k.o."]
[EventRounds "3"]
[EventCountry "NET"]
[SourceTitle "CBM 202 Extra"]
[Source "ChessBase"]
[SourceDate "2021.07.31"]
[SourceVersion "1"]
[SourceVersionDate "2021.07.31"]
[SourceQuality "1"]

1. b3 d5 2. Bb2 Bf5 3. e3 e6 4. h3 h6 5. d3 c5 6. Nd2 Nc6 7. g4 Bg6 8. Ne2 f6 9. Bg2 Bd6 10. f4 Nge7 11. Ng3 Qc7 12. 0-0 0-0-0 13. Qe2 Kb8 14. Rae1 Rhe8 15. Kh1 Rh8 16. Rg1 Nb4 17. Nf3 h5 18. gxh5 Bxh5 19. Nxh5 Rxh5 20. a3 Nbc6 21. b4 cxb4 22. axb4 Bxb4 23. Rb1 Rdh8 24. Bf1 Nf5 25. Rg4 Bc5 26. Bc1 g5 27. d4 Bd6 28. c3 Qh7 29. Qb2 Rxh3+ 30. Kg2 b6 31. Kf2 Rh1 32. Qb5 Kc7 33. fxg5 Qh5 34. Rg2 Nh4 35. Nxh4 Qxh4+ 36. Ke2 Qe4 37. Rb2 Rxf1 38. Kxf1 Rh1+ 39. Rg1 Qf3+ 40. Rf2 Qd1+ 0-1

[Event "World Corporate East F"]
[Site "Chess.com INT"]
[Date "2021.02.20"]
[Round "6.4"]
[White "Pancevski, Filip"]
[Black "Markin, Dmitry"]
[Result "1/2-1/2"]
[WhiteElo "2519"]
[BlackElo "2401"]
[PlyCount "66"]
[EventDate "2021.02.19"]
[EventType "team (rapid)"]
[EventRounds "7"]
[EventCountry "USA"]
[SourceTitle "EXT 2022"]
[Source "ChessBase"]
[SourceDate "2021.10.06"]
[SourceVersion "1"]
[SourceVersionDate "2021.10.06"]
[SourceQuality "1"]
[WhiteTeam "Alkaloid"]
[BlackTeam "Epam Ukraine"]
[WhiteTeamCountry "MKD"]
[BlackTeamCountry "UKR"]

1. e4 e6 2. d3 d5 3. Nd2 c5 4. Ngf3 Nc6 5. g3 g6 6. Bg2 Bg7 7. 0-0 Nge7 8. Re1 0-0 9. e5 Qc7 10. Qe2 f6 11. exf6 Bxf6 12. c3 e5 13. Nf1 Bg7 14. Bg5 Bf5 15. Bxe7 Qxe7 16. Ne3 Be6 17. c4 e4 18. dxe4 dxe4 19. Nd2 Bxb2 20. Rab1 Nd4 21. Qd1 Bc3 22. Bxe4 Qf6 23. Rf1 Bxd2 24. Qxd2 Nf3+ 25. Bxf3 Qxf3 26. Qd1 Qe4 27. Re1 Rad8 28. Qe2 b6 29. Rbd1 Rd4 30. Rxd4 cxd4 31. Nd5 Qxe2 32. Rxe2 Bxd5 33. cxd5 Rf5 1/2-1/2

[Event "Online Olym Div2 C"]
[Site "Chess.com INT"]
[Date "2020.08.16"]
[Round "9.2"]
[White "Pancevski, Filip"]
[Black "Sebenik, Matej"]
[Result "1-0"]
[WhiteElo "2519"]
[BlackElo "2498"]
[PlyCount "91"]
[EventDate "2020.08.14"]
[EventType "team-tourn (rapid)"]
[EventRounds "9"]
[EventCountry "USA"]
[SourceTitle "CBM 198"]
[Source "ChessBase"]
[SourceDate "2020.10.31"]
[SourceVersion "1"]
[SourceVersionDate "2020.10.31"]
[SourceQuality "1"]
[WhiteTeam "Macedonia"]
[BlackTeam "Slovenia"]
[WhiteTeamCountry "MKD"]
[BlackTeamCountry "SLO"]

1. c4 Nf6 2. g3 e5 3. Bg2 c6 4. Nf3 e4 5. Nd4 Qb6 6. Nb3 a5 7. d3 a4 8. N3d2 exd3 9. 0-0 d5 10. exd3 Be7 11. Re1 Bg4 12. Nf3 d4 13. Qe2 Qd8 14. Bg5 Kf8 15. Nbd2 h6 16. Bf4 Na6 17. h3 Bh5 18. g4 Bg6 19. Ne5 Bd6 20. Ndf3 Nc5 21. Rad1 Bxe5 22. Bxe5 Ne6 23. b4 axb3 24. axb3 Kg8 25. Qb2 h5 26. g5 Nd7 27. h4 Nxe5 28. Nxe5 Qd6 29. Qd2 Kh7 30. f4 Rhe8 31. Bh3 Nf8 32. Qh2 Kg8 33. f5 Bh7 34. Re4 f6 35. Nf3 Qxh2+ 36. Kxh2 g6 37. Rde1 Rxe4 38. dxe4 Re8 39. gxf6 gxf5 40. e5 Ne6 41. Ng5 Nxg5 42. hxg5 Kf7 43. Kg3 Ke6 44. Kf4 Ra8 45. c5 Ra3 46. Bf1 1-0

[Event "Online Olym Div2 C"]
[Site "Chess.com INT"]
[Date "2020.08.16"]
[Round "8.2"]
[White "Van Foreest, Jorden"]
[Black "Pancevski, Filip"]
[Result "1-0"]
[WhiteElo "2678"]
[BlackElo "2519"]
[PlyCount "67"]
[EventDate "2020.08.14"]
[EventType "team-tourn (rapid)"]
[EventRounds "9"]
[EventCountry "USA"]
[SourceTitle "CBM 198"]
[Source "ChessBase"]
[SourceDate "2020.10.31"]
[SourceVersion "1"]
[SourceVersionDate "2020.10.31"]
[SourceQuality "1"]
[WhiteTeam "Netherlands"]
[BlackTeam "Macedonia"]
[WhiteTeamCountry "NED"]
[BlackTeamCountry "MKD"]

1. d4 Nf6 2. Nf3 g6 3. c4 Bg7 4. Nc3 0-0 5. e4 d6 6. Be2 e5 7. 0-0 Nbd7 8. Re1 c6 9. d5 c5 10. a3 Kh8 11. Bg5 Rg8 12. b4 Qf8 13. Bd2 Ne8 14. g3 Qe7 15. Bd3 Rf8 16. Rb1 Nb6 17. Nb5 Bg4 18. a4 Nxa4 19. Kg2 Nb6 20. h3 Bxf3+ 21. Qxf3 Nd7 22. h4 b6 23. h5 Kg8 24. Rh1 cxb4 25. Bxb4 Nc5 26. Bc2 Nf6 27. h6 Bh8 28. Bd2 Qd7 29. Ra1 Ne8 30. Nc3 Bf6 31. Na4 Nxa4 32. Bxa4 Qe7 33. Bc6 Rc8 34. Bxe8 1-0

[Event "Burgdorf op 19th"]
[Site "Burgdorf"]
[Date "2020.02.16"]
[Round "4"]
[White "Jaehn, Michael"]
[Black "Pancevski, Filip"]
[Result "0-1"]
[WhiteElo "2057"]
[BlackElo "2518"]
[PlyCount "132"]
[EventDate "2020.02.14"]
[EventType "swiss"]
[EventRounds "5"]
[EventCountry "SUI"]
[SourceTitle "CBM 194 Extra"]
[Source "ChessBase"]
[SourceDate "2020.03.31"]
[SourceVersion "1"]
[SourceVersionDate "2020.03.31"]
[SourceQuality "1"]

1. Nf3 Nf6 2. c4 g6 3. b4 Bg7 4. Bb2 0-0 5. e3 d6 6. Be2 e5 7. d3 Re8 8. 0-0 Nbd7 9. Nc3 a6 10. Qc2 b6 11. Nd2 Bb7 12. Bf3 c6 13. Nce4 Nxe4 14. Nxe4 Bf8 15. Rfd1 d5 16. cxd5 cxd5 17. Nc3 Nf6 18. Qb3 Qd7 19. d4 e4 20. Be2 Bd6 21. Rdc1 b5 22. a4 Bc6 23. axb5 axb5 24. Rxa8 Rxa8 25. Ra1 Rb8 26. Ba3 h5 27. Qd1 Kg7 28. Qf1 Rb7 29. Nb1 Qe7 30. Qe1 h4 31. Qc3 Qc7 32. h3 Qd7 33. Nd2 Bb8 34. Rc1 Rb6 35. Bb2 Qd6 36. Nf1 Bd7 37. Qc5 Qe6 38. Qc2 Ne8 39. Qd1 Nd6 40. Ra1 Nc4 41. Bc3 Qe7 42. Ra8 Be6 43. Qa1 Qb7 44. Ra2 Rc6 45. Be1 Qc8 46. Ra8 Nb6 47. Ra6 Rc1 48. Qa2 Rxe1 49. Rxb6 Qc7 50. Rxb8 Qxb8 51. Qd2 Rb1 52. Qc3 Qd6 53. Bxb5 Qxb4 54. Qxb4 Rxb4 55. Ba6 Rb6 56. Be2 Rb2 57. Ba6 Rb1 58. Be2 Re1 59. Ba6 Kf8 60. Kh2 Ra1 61. Bb5 Rb1 62. Ba6 Rb6 63. Be2 Rb2 64. Ba6 Rxf2 65. Kg1 Ra2 66. Bb5 Ke7 0-1

[Event "Burgdorf op 19th"]
[Site "Burgdorf"]
[Date "2020.02.16"]
[Round "5"]
[White "Pancevski, Filip"]
[Black "Loeffler, Markus"]
[Result "1-0"]
[WhiteElo "2518"]
[BlackElo "2312"]
[PlyCount "81"]
[EventDate "2020.02.14"]
[EventType "swiss"]
[EventRounds "5"]
[EventCountry "SUI"]
[SourceTitle "CBM 194 Extra"]
[Source "ChessBase"]
[SourceDate "2020.03.31"]
[SourceVersion "1"]
[SourceVersionDate "2020.03.31"]
[SourceQuality "1"]

1. c4 c5 2. g3 Nc6 3. Bg2 g6 4. Nc3 Bg7 5. d3 d6 6. Qd2 e6 7. b3 Nge7 8. Bb2 0-0 9. h4 h6 10. Nf3 b6 11. 0-0 Bb7 12. e3 d5 13. Ne2 e5 14. cxd5 Nxd5 15. a3 Qe7 16. Nc3 Rad8 17. Qc2 Nf6 18. Rad1 Rfe8 19. Rfe1 Qc7 20. Qb1 Qb8 21. Ba1 Qa8 22. Nd2 Ne7 23. e4 Nc6 24. b4 cxb4 25. axb4 Bc8 26. Nc4 Bf8 27. Nd5 Bg7 28. Nc7 Qb8 29. Nxe8 Rxe8 30. b5 Nd8 31. d4 exd4 32. Bxd4 Bg4 33. Rd2 Qc7 34. Ne3 Be6 35. Qa1 Nh5 36. Bxg7 Nxg7 37. Rc1 Qe7 38. Rdc2 Qb4 39. Qb2 Qd6 40. Rc7 Bd7 41. Rxa7 1-0

[Event "EU-chT 22nd"]
[Site "Batumi"]
[Date "2019.11.01"]
[Round "8.3"]
[White "Pancevski, Filip"]
[Black "Blomqvist, Erik"]
[Result "1-0"]
[WhiteElo "2490"]
[BlackElo "2523"]
[PlyCount "71"]
[EventDate "2019.10.24"]
[EventType "team-swiss"]
[EventRounds "9"]
[EventCountry "GEO"]
[SourceTitle "CBM 193"]
[Source "ChessBase"]
[SourceDate "2019.12.31"]
[SourceVersion "1"]
[SourceVersionDate "2019.12.31"]
[SourceQuality "1"]
[WhiteTeam "Macedonia"]
[BlackTeam "Sweden"]
[WhiteTeamCountry "MKD"]
[BlackTeamCountry "SWE"]

1. c4 Nf6 2. g3 e6 3. Bg2 d5 4. Nf3 Be7 5. 0-0 0-0 6. b3 b6 7. Bb2 c5 8. cxd5 Nxd5 9. d4 Bb7 10. Nc3 Nxc3 11. Bxc3 cxd4 12. Qxd4 Qxd4 13. Nxd4 Bxg2 14. Kxg2 Rc8 15. Rac1 Nc6 16. Nxc6 Rxc6 17. Be5 Rac8 18. Rxc6 Rxc6 19. Rd1 Bf6 20. Rd7 a5 21. e3 h5 22. Rc7 Rc5 23. Rxc5 bxc5 24. Bd6 Bc3 25. Bxc5 e5 26. e4 g6 27. f3 f5 28. h3 Kf7 29. Kf1 Ke6 30. Ke2 Kd7 31. Kd3 Be1 32. g4 fxg4 33. fxg4 hxg4 34. hxg4 Kc6 35. Kc4 Bd2 36. Ba3 1-0

[Event "EU-chT 22nd"]
[Site "Batumi"]
[Date "2019.10.31"]
[Round "7.3"]
[White "Shirov, Alexei"]
[Black "Pancevski, Filip"]
[Result "0-1"]
[WhiteElo "2664"]
[BlackElo "2490"]
[PlyCount "72"]
[EventDate "2019.10.24"]
[EventType "team-swiss"]
[EventRounds "9"]
[EventCountry "GEO"]
[SourceTitle "CBM 193"]
[Source "ChessBase"]
[SourceDate "2019.12.31"]
[SourceVersion "1"]
[SourceVersionDate "2019.12.31"]
[SourceQuality "1"]
[WhiteTeam "Spain"]
[BlackTeam "Macedonia"]
[WhiteTeamCountry "ESP"]
[BlackTeamCountry "MKD"]

1. e4 e5 2. Nf3 Nc6 3. Bb5 a6 4. Ba4 Nf6 5. 0-0 Be7 6. Re1 b5 7. Bb3 d6 8. c3 0-0 9. h3 Na5 10. Bc2 c5 11. d4 Qc7 12. d5 c4 13. b4 cxb3 14. axb3 Bd7 15. Ba3 Bd8 16. Nbd2 Nb7 17. c4 a5 18. Bd3 Nc5 19. Bxc5 Qxc5 20. b4 Qxb4 21. cxb5 a4 22. Qe2 a3 23. Reb1 Qc5 24. Rc1 Qb4 25. Rcb1 Qc5 26. Nb3 Qa7 27. Nfd2 Bb6 28. Kf1 Qb8 29. Nc4 Bxb5 30. Nxa3 Bxd3 31. Qxd3 Nd7 32. Qb5 Nc5 33. Nd2 Bc7 34. Qxb8 Rfxb8 35. Nb5 Rxa1 36. Rxa1 Rxb5 0-1